| 000 | 01102nam2a22002411 4500 | ||
|---|---|---|---|
| 001 | rc\4935005 | ||
| 005 | 20250613043022.0 | ||
| 035 | _a(NLR Aleph) 008947178 | ||
| 090 |
_a8980531 _c8980531 |
||
| 100 | _a20130426d1957 |||y0rusy50 ca | ||
| 101 | 1 |
_arus _cfre |
|
| 102 | _aRU | ||
| 105 | _aa z ||||| | ||
| 200 | 0 |
_aТ. 2 _f[Пер. под ред. Т. Ириновой] |
|
| 210 |
_aКазань _cТаткнигоиздат, Ред. худож. лит. _d1957 |
||
| 215 | _a466 с., 1 л. ил. | ||
| 461 | 0 |
_1001rc\4935003 _12001#$aКонсуэло$eРоман$eВ 2 т.$e[Пер. с фр.$fПослесл. И. Лилеевой$gИл.: Б. Дехтерев]. Т. 1-2$vТ. 2 _1700#1$aСанд$bЖ.$f1804-1876$gЖорж _98980521 _aСанд, Ж. (1804-1876) _cКазань _d1957 _fПослесл. И. Лилеевой _nТаткнигоиздат, Ред. худож. лит. _oРоман : В 2 т. : [Пер. с фр. _p2 т. _tКонсуэло _vТ. 2 |
|
| 702 | 1 |
_aИринова _bТ. _4340 |
|
| 801 | 0 |
_aRU _bNLR _gpsbo |
|
| 801 | 1 |
_aRU _bELAR _2rusmarc |
|
| 852 |
_aNLR _j57-3/4553 |
||
| 942 | _cBOOK | ||
| 980 | _aNB | ||